Kỹ thuật phay

Sparad:
Bibliografiska uppgifter
Huvudupphovsman: Nguyễn Tiến Đào
Materialtyp: Bok
Språk:Undetermined
Publicerad: H. KHKT 2000
Ämnen:
Taggar: Lägg till en tagg
Inga taggar, Lägg till första taggen!
Thư viện lưu trữ: Trung tâm Học liệu Trường Đại học Cần Thơ
LEADER 00517nam a2200193Ia 4500
001 CTU_57865
008 210402s9999 xx 000 0 und d
020 |b 24000 
082 |a 671.53 
082 |b Đ108 
100 |a Nguyễn Tiến Đào 
245 0 |a Kỹ thuật phay 
245 0 |c Nguyễn Tiến Đào và Nguyễn Tiến Dũng 
260 |a H. 
260 |b KHKT 
260 |c 2000 
650 |a metal-cutting 
904 |i Minh 
980 |a Trung tâm Học liệu Trường Đại học Cần Thơ